[Event "Tourn. n8475"]
[Site "www.chess-mail.com"]
[Date "2015.11.26"]
[Round "1"]
[White "Faerieking"]
[Black "Rons"]
[WhiteElo "2300"]
[BlackElo "2580"]
[Result "0-1"]
[Round "1"]
1.e4 c5
2.d4 cxd4
3.c3 dxc3
4.Nb1xc3 Nb8c6
5.Bf1c4 e6
6.Ng1f3 d6
7.O-O a6
8.Qd1e2 Bf8e7
9.Rf1d1 Qd8c7
10.Bc1f4 Ng8f6
11.e5 Nf6h5
12.Bf4g5 Be7xg5
13.Nc3d5 Qc7d8
14.Nf3xg5 Nh5f4
15.Nd5xf4 Qd8xg5
{ resign }
0-1

[Event "Tourn. n8356"]
[Site "www.chess-mail.com"]
[Date "2015.11.26"]
[Round "1"]
[White "Piwi123"]
[Black "Xkafi"]
[WhiteElo "2110"]
[BlackElo "2110"]
[Result "1-0"]
[Round "1"]
1.e4 c5
2.Ng1f3 d5
3.exd5 Qd8xd5
4.Nb1c3 Qd5d8
5.Bf1b5 Nb8c6
6.O-O e6
7.Nf3e5 Ng8f6
8.Ne5xc6 bxc6
9.Bb5xc6 Bc8d7
10.Bc6xa8 Qd8xa8
11.d3 Bd7c6
12.f3 Bf8d6
13.Nc3e4 Nf6xe4
14.dxe4 Qa8b8
15.Kh1 Bd6xh2
16.Bc1e3 Bh2d6
17.Qd1d2 O-O
18.b3 Qb8d8
19.Kg1 Qd8e7
20.c4 Rf8d8
21.Qd2f2 Bd6e5
22.Ra1d1 Rd8xd1
23.Rf1xd1 h6
24.Be3xc5 Qe7c7
25.Bc5xa7 Be5g3
26.Qf2b6 Qc7xb6
27.Ba7xb6 f6
28.a4 Kf7
29.a5 Ke7
30.a6 Bg3e5
31.a7 Be5d6
32.Bb6d8 Kd7
33.c5 Kxd8
34.Rd1xd6 { resign }
1-0

[Event "Tourn. n8442"]
[Site "www.chess-mail.com"]
[Date "2015.11.26"]
[Round "1"]
[White "Terrible"]
[Black "Huw"]
[WhiteElo "2260"]
[BlackElo "2040"]
[Result "1/2-1/2"]
[Round "1"]
1.d4 Ng8f6
2.Ng1f3 e6
3.c4 c5
4.d5 b5
5.Bc1g5 exd5
6.cxd5 d6
7.e4 a6
8.Bf1d3 Bf8e7
9.h3 Nb8d7
10.O-O O-O
11.Nb1d2 h6
12.Bg5f4 c4
13.Bd3c2 Nf6h5
14.Bf4h2 Qd8b6
15.Qd1e2 Bc8b7
16.g4 Nh5f6
17.Bh2f4 Rf8e8
18.Bf4e3 Qb6c7
19.a4 Nd7c5
20.axb5 axb5
21.Nf3d4 Qc7d7
22.Rf1c1 Be7f8
23.f3 h5
24.Kg2 hxg4
25.hxg4 Ra8xa1
26.Rc1xa1 Re8a8
27.Qe2f1 Ra8xa1
{ draw }
1/2-1/2

[Event "Tourn. n8443"]
[Site "www.chess-mail.com"]
[Date "2015.11.26"]
[Round "1"]
[White "Jjmcbride"]
[Black "Gatrooper"]
[WhiteElo "1710"]
[BlackElo "1630"]
[Result "1-0"]
[Round "1"]
1.g4 g5
2.d4 d5
3.Bc1xg5 h6
4.Bg5h4 Bc8xg4
5.f3 Bg4e6
6.e4 dxe4
7.fxe4 f6
8.d5 Be6f7
9.Nb1c3 e5
10.Ng1f3 Bf8b4
11.Nf3xe5 Bb4xc3
12.bxc3 Nb8d7
13.Ne5xf7 Kxf7
14.Qd1h5 Ke7
15.O-O-O Nd7e5
16.Qh5xe5 Kf8
17.Qe5f5 Qd8e7
18.Rd1e1 Rh8h7
19.Rh1g1 Qe7a3
20.Kb1 Ra8d8
21.Qf5xh7 Qa3e7
22.Qh7xg8 { resign }
1-0

[Event "Tourn. n8419"]
[Site "www.chess-mail.com"]
[Date "2015.11.26"]
[Round "1"]
[White "Xkafi"]
[Black "Cirovicz"]
[WhiteElo "1990"]
[BlackElo "2010"]
[Result "1-0"]
[Round "1"]
1.e4 e5
2.Bf1c4 Bf8c5
3.d3 Ng8f6
4.Bc1g5 h6
5.Bg5h4 d6
6.h3 Bc8e6
7.Nb1d2 Be6xc4
8.Nd2xc4 b5
9.Nc4e3 Bc5xe3
10.fxe3 Nb8c6
11.Ng1f3 a5
12.O-O Qd8d7
13.Bh4xf6 gxf6
14.Nf3h4 Rh8g8
15.Nh4f5 Nc6e7
16.Qd1h5 Ne7xf5
17.Rf1xf5 Rg8g6
18.Ra1f1 O-O-O
19.Rf5xf6 Rg6xf6
20.Rf1xf6 Rd8f8
21.Qh5xh6 Qd7e7
22.g4 b4
23.g5 Kd8
24.h4 a4
25.h5 Qe7d7
26.Qh6xf8 Qd7e8
27.Qf8xf7 Qe8xf7
28.Rf6xf7 Kc8
29.g6 b3
30.axb3 axb3
31.cxb3 d5
32.exd5 e4
33.dxe4 { resign }
1-0

[Event "Tourn. n8411"]
[Site "www.chess-mail.com"]
[Date "2015.11.26"]
[Round "1"]
[White "Odin"]
[Black "Falcoale"]
[WhiteElo "1830"]
[BlackElo "1890"]
[Result "1-0"]
[Round "1"]
1.b4 Ng8f6
2.Bc1b2 e6
3.a3 b6
4.d3 Bc8b7
5.e4 Bf8e7
6.Ng1f3 O-O
7.g3 d5
8.Bf1g2 dxe4
9.Nf3e5 Nb8d7
10.Ne5xd7 Qd8xd7
11.O-O Ra8b8
12.Nb1c3 exd3
13.cxd3 Bb7xg2
14.Kxg2 Rf8d8
15.Nc3e4 Nf6xe4
16.dxe4 Qd7c6
17.Qd1g4 f6
18.Ra1c1 Qc6e8
19.Qg4xe6 Qe8f7
20.Qe6h3 Qf7g6
21.f3 Rd8d2
22.Kh1 Rd2xb2
23.Rc1xc7 Be7d6
24.Rc7xa7 Rb2b3
25.Qh3e6 Kh8
26.Qe6xb3 Qg6h5
27.f4 Qh5e8
28.e5 fxe5
29.fxe5 Bd6c7
30.Ra7xc7 Qe8xe5
31.Rc7f7 h6
32.Rf7f8 Rb8xf8
33.Rf1xf8 Kh7
34.Qb3d3 { resign }
1-0

[Event "Tourn. n8424"]
[Site "www.chess-mail.com"]
[Date "2015.11.26"]
[Round "1"]
[White "Lino"]
[Black "Falcoale"]
[WhiteElo "2039"]
[BlackElo "1930"]
[Result "1-0"]
[Round "1"]
1.e4 c5
2.Ng1f3 Nb8c6
3.Bf1b5 Qd8b6
4.Nb1c3 e6
5.Bb5xc6 Qb6xc6
6.d4 cxd4
7.Nf3xd4 Qc6c7
8.O-O a6
9.Rf1e1 Bf8d6
10.g3 b5
11.Nd4xb5 axb5
12.Nc3xb5 Qc7a5
13.Nb5xd6 Ke7
14.Bc1d2 Qa5a6
15.Bd2b4 Ra8b8
16.Bb4a3 Kf6
17.Nd6e8 Kg6
18.Qd1g4 { resign }
1-0

[Event "Tourn. n8477"]
[Site "www.chess-mail.com"]
[Date "2015.11.26"]
[Round "1"]
[White "Goosebumps"]
[Black "Takfarov"]
[WhiteElo "2110"]
[BlackElo "1909"]
[Result "1/2-1/2"]
[Round "1"]
1.e4 e6
2.d4 d5
3.exd5 exd5
4.Ng1f3 Ng8f6
5.Bf1d3 Bf8e7
6.Bc1f4 O-O
7.c3 Bc8g4
8.Nb1d2 Rf8e8
9.O-O Nb8d7
10.Qd1c2 h6
11.Rf1e1 c6
12.h3 Bg4e6
13.Re1e2 Nd7f8
14.Ra1e1 Be7d6
15.Bf4xd6 { draw }
1/2-1/2

[Event "Tourn. n8438"]
[Site "www.chess-mail.com"]
[Date "2015.11.26"]
[Round "1"]
[White "Libiesse"]
[Black "Lino"]
[WhiteElo "2040"]
[BlackElo "2069"]
[Result "0-1"]
[Round "1"]
1.d4 f5
2.c4 Ng8f6
3.e3 g6
4.Ng1f3 d6
5.Nb1c3 Bf8g7
6.Bf1e2 O-O
7.O-O Qd8e8
8.Qd1b3 Kh8
9.Nc3b5 Nb8a6
10.Rf1d1 c6
11.Nb5c3 e5
12.dxe5 dxe5
13.Qb3c2 c5
14.a3 e4
15.Nf3d2 Bc8e6
16.Nd2b3 b6
17.Nc3d5 Be6xd5
18.cxd5 Na6c7
19.d6 Nc7d5
20.Be2c4 Qe8e5
21.Qc2d3 exd3
{ resign }
0-1

[Event "Match"]
[Site "www.echecsemail.com"]
[Date "2015.11.26"]
[Round "1"]
[White "Szustan"]
[Black "Schwiizer"]
[WhiteElo "2710"]
[BlackElo "2770"]
[Result "1/2-1/2"]
[Round "1"]
1.e4 c5
2.c3 e6
3.d4 d5
4.e5 Nb8c6
5.Ng1f3 Qd8b6
6.a3 f6
7.Bf1d3 fxe5
8.Nf3xe5 Ng8f6
9.O-O Bf8d6
10.Ne5xc6 bxc6
11.dxc5 Bd6xc5
12.b4 Bc5d6
13.Bc1e3 Qb6c7
14.h3 e5
15.Nb1d2 e4
16.Bd3e2 O-O
17.c4 Qc7e7
18.Be3d4 a5
19.Qd1b3 Bc8b7
20.cxd5 cxd5
21.bxa5 Ra8xa5
22.a4 Rf8b8
23.Qb3c3 Bd6b4
24.Qc3c2 Ra5a8
25.Rf1b1 Bb4a5
26.Nd2f1 Bb7c8
27.Rb1xb8 Ra8xb8
28.Nf1e3 Bc8e6
29.Ra1d1 h6
30.Bd4e5 Rb8f8
31.Be5xf6 Qe7xf6
32.Be2g4 Ba5b6
33.Bg4xe6 Qf6xe6
34.Qc2b3 Bb6xe3
35.fxe3 Rf8f5
{ draw }
1/2-1/2

[Event "Match"]
[Site "www.echecsemail.com"]
[Date "2015.11.26"]
[Round "1"]
[White "Jhw"]
[Black "Fangshuo"]
[WhiteElo "1970"]
[BlackElo "2150"]
[Result "0-1"]
[Round "1"]
1.c4 e5
2.a3 Ng8f6
3.e3 Nb8c6
4.Qd1c2 a5
5.g3 d5
6.d3 d4
7.Bf1g2 Bf8c5
8.Bg2xc6 bxc6
9.Ng1f3 Nf6g4
10.e4 Qd8f6
11.Qc2e2 Bc5e7
12.Bc1g5 Qf6d6
13.Bg5xe7 Qd6xe7
14.h3 Ng4h6
15.g4 f6
16.Nb1d2 Ra8b8
17.b3 Nh6f7
18.Nf3h4 O-O
19.Rh1f1 Nf7g5
20.Rf1h1 Ng5e6
21.Nh4f5 Qe7d7
22.Ra1b1 Ne6f4
23.Qe2f3 c5
24.h4 a4
25.g5 axb3
26.Rb1xb3 Rb8xb3
27.Nd2xb3 Qd7a4
28.Nb3xc5 Qa4a5
29.Kf1 Qa5xc5
30.Nf5xg7 Kxg7
31.gxf6 Rf8xf6
32.Rh1g1 Kf7
33.Rg1g3 Bc8a6
34.Qf3g4 Rf6g6
35.Qg4d7 Qc5e7
36.Qd7f5 Kg7
37.h5 Rg6xg3
38.fxg3 Nf4xd3
39.g4 Ba6xc4
40.Kg1 Bc4e6
41.Qf5f3 Nd3f4
42.a4 Qe7h4
{ resign }
0-1

[Event "Match"]
[Site "www.echecsemail.com"]
[Date "2015.11.26"]
[Round "1"]
[White "Mrmoto"]
[Black "Jackbauer"]
[WhiteElo "1550"]
[BlackElo "1399"]
[Result "0-1"]
[Round "1"]
1.e4 e5
2.Ng1f3 d6
3.Bf1c4 Ng8f6
4.Nb1c3 a6
5.a3 Bf8e7
6.O-O Nb8c6
7.d3 h6
8.Bc4a2 O-O
9.Bc1e3 Rf8e8
10.Qd1d2 Nf6g4
11.Be3xh6 Ng4xh6
12.d4 Be7f6
13.d5 Nc6d4
14.Qd2d1 Bc8g4
15.Ra1c1 Bf6g5
16.Rc1b1 Qd8f6
17.h3 Nd4xf3
18.Kh1 Bg4h5
{ resign }
0-1

[Event "Match"]
[Site "www.echecsemail.com"]
[Date "2015.11.26"]
[Round "1"]
[White "Manolinex"]
[Black "Conde7"]
[WhiteElo "2870"]
[BlackElo "2850"]
[Result "1/2-1/2"]
[Round "1"]
1.e4 c5
2.Ng1f3 d6
3.d4 cxd4
4.Nf3xd4 Ng8f6
5.Nb1c3 a6
6.g3 e5
7.Nd4e2 Bf8e7
8.Bf1g2 Bc8e6
9.O-O Nb8d7
10.Bc1e3 Ra8c8
11.a4 h5
12.h3 h4
13.g4 O-O
14.Kh1 Nf6h7
15.Qd1d2 Rf8e8
16.Ra1d1 Be6c4
17.Rf1e1 Nd7c5
18.f4 exf4
19.Ne2xf4 Be7f6
20.Be3xc5 Rc8xc5
21.Nc3d5 Bc4xd5
22.Nf4xd5 Bf6e5
23.Re1f1 Nh7f6
24.Qd2f2 Re8f8
25.Nd5xf6 Be5xf6
26.e5 Rc5xe5
27.Bg2xb7 Qd8e8
28.Bb7f3 Qe8xa4
29.Rd1xd6 a5
30.Rd6d5 Qa4f4
31.b3 Rf8d8
32.Rd5xd8 Bf6xd8
33.Bf3g2 Qf4xf2
34.Rf1xf2 Bd8b6
35.Rf2f5 Re5e1
{ draw }
1/2-1/2

[Event "Match"]
[Site "www.echecsemail.com"]
[Date "2015.11.26"]
[Round "1"]
[White "Jhw"]
[Black "Fkarpov"]
[WhiteElo "1940"]
[BlackElo "2080"]
[Result "1/2-1/2"]
[Round "1"]
1.c4 e6
2.d4 Ng8f6
3.a3 Bf8e7
4.Nb1c3 O-O
5.g3 c6
6.Bf1g2 d5
7.c5 b6
8.b4 Bc8a6
9.Bc1f4 Nb8d7
10.Qd1c2 bxc5
11.dxc5 e5
12.Bf4g5 h6
13.Bg5xf6 Be7xf6
14.e4 d4
15.Nc3d1 Bf6e7
16.Qc2a4 Ba6b5
17.Qa4c2 a5
18.a4 Bb5a6
19.bxa5 Qd8xa5
20.Qc2d2 Qa5xd2
21.Kxd2 { draw }
1/2-1/2

[Event "Match"]
[Site "www.echecsemail.com"]
[Date "2015.11.26"]
[Round "1"]
[White "Pgcbies"]
[Black "Gmscalpel"]
[WhiteElo "2670"]
[BlackElo "2400"]
[Result "1-0"]
[Round "1"]
1.e4 c5
2.Ng1f3 d6
3.d4 cxd4
4.Nf3xd4 Ng8f6
5.Nb1c3 a6
6.Bc1g5 h6
7.Bg5xf6 exf6
8.Bf1c4 Nb8c6
9.O-O Bf8e7
10.Nc3d5 b5
11.Nd4xc6 Qd8d7
12.Nc6xe7 Qd7a7
13.Bc4b3 { resign }
1-0

[Event "Match"]
[Site "www.echecsemail.com"]
[Date "2015.11.26"]
[Round "1"]
[White "Mitja"]
[Black "Zacky"]
[WhiteElo "2020"]
[BlackElo "1810"]
[Result "1-0"]
[Round "1"]
1.g3 d5
2.Bf1g2 c6
3.d4 Nb8d7
4.c3 e6
5.Ng1f3 Ng8f6
6.Nb1d2 Nf6e4
7.Qd1c2 Qd8b6
8.Nd2xe4  { time }
1-0

[Event "Match"]
[Site "www.echecsemail.com"]
[Date "2015.11.26"]
[Round "1"]
[White "Wilddog"]
[Black "Daviko"]
[WhiteElo "1400"]
[BlackElo "1560"]
[Result "0-1"]
[Round "1"]
1.d4 d5
2.Nb1c3 Ng8f6
3.f4 Bc8f5
4.e3 e6
5.Ng1h3 Nf6g4
6.Qd1f3 Qd8h4
7.g3 Qh4h5
8.Nc3xd5 Bf8d6
9.c3 exd5
10.Qf3xd5 O-O
11.Qd5xb7 Nb8d7
12.e4 Ra8e8
13.Bf1d3 Qh5xh3
14.Qb7xa7 Bf5xe4
15.Bd3xe4 Re8xe4
16.Kd1 Ng4f2
17.Kd2 Nf2xh1
18.c4 Qh3xh2
19.Kd3 Qh2e2
20.Kc3 Rf8b8
21.b3 Bd6a3
22.Bc1xa3 Re4e3
{ resign }
0-1

[Event "Match"]
[Site "www.echecsemail.com"]
[Date "2015.11.26"]
[Round "1"]
[White "Fangshuo1"]
[Black "Ericleo1980"]
[WhiteElo "1790"]
[BlackElo "2250"]
[Result "0-1"]
[Round "1"]
1.e4 c5
2.Ng1f3 d6
3.Bf1c4 e6
4.Nb1c3 Ng8f6
5.d4 cxd4
6.Nf3xd4 a6
7.O-O b5
8.Bc4b3 Bf8e7
9.f4 Qd8c7
10.e5 dxe5
11.fxe5 Qc7xe5
12.Bc1f4 Qe5c5
13.Kh1 e5
14.Bf4e3 exd4
15.Be3xd4 Qc5c7
16.Bd4xf6 Be7xf6
17.Nc3d5 Qc7d8
18.Nd5xf6 gxf6
19.Qd1f3 Ra8a7
20.Ra1e1 Kf8
21.Qf3e3 Nb8c6
22.Qe3c5 Ra7e7
23.Qc5xc6 Re7xe1
24.Rf1xe1 Kg7
25.c3 Qd8d7
26.Qc6e4 Rh8g8
27.Bb3c2 f5
28.Qe4e5 f6
29.Qe5e3 Kh8
30.Bc2b3 Rg8d8
31.Qe3h6 Qd7g7
32.Qh6d2 Rd8f8
33.h3 Bc8b7
34.Re1e2 Bb7e4
35.Qd2d6 Qg7h6
36.Re2e3 Rf8g8
37.Bb3xg8 Qh6xe3
38.Bg8b3 Qe3xh3
39.Qd6h2 Be4xg2
40.Kg1 Qh3xh2
41.Kxh2 Bg2e4
42.Kg3 Kg7
43.a4 bxa4
44.Bb3xa4 Be4d3
{ resign }
0-1

[Event "Match"]
[Site "www.echecsemail.com"]
[Date "2015.11.26"]
[Round "1"]
[White "Azorau"]
[Black "Pariolinius"]
[WhiteElo "1910"]
[BlackElo "1990"]
[Result "0-1"]
[Round "1"]
1.e4 c5
2.Bf1c4 e6
3.Ng1f3 Nb8c6
4.b3 a6
5.d3 Bf8e7
6.Nb1c3 Qd8c7
7.d4 b5
8.Bc4e2 cxd4
9.Nf3xd4 Be7d6
10.g3 Bc8b7
11.Bc1e3 e5
12.Nd4f5 Bd6f8
13.Nc3d5 Qc7a5
14.Be3d2 b4
15.O-O Ng8f6
16.Be2g4 Nf6xd5
17.exd5 Qa5xd5
18.Nf5e3 Qd5e4
19.Bd2e1 Ra8d8
20.Bg4f3 Qe4g6
21.Bf3h5 Qg6e6
22.Bh5g4 Qe6d6
23.Ne3f5 Qd6xd1
24.Ra1xd1 g6
25.Nf5e3 Bf8g7
26.f4 exf4
27.Rf1xf4 O-O
28.Bg4xd7 a5
29.Bd7xc6 Bb7xc6
30.g4 Bg7h6
31.Rd1xd8 Bh6xf4
32.Rd8xf8 Kxf8
33.Ne3c4 Bc6e4
34.Nc4xa5 Be4xc2
35.Be1xb4 Kg8
36.Bb4e7 Bf4e3
37.Kg2 Bc2e4
38.Kg3 Be3b6
39.Na5c4 Bb6a7
40.a4 Be4c2
41.Nc4d2 Ba7e3
42.Nd2c4 Be3a7
43.Nc4d2 Ba7e3
44.Nd2c4 Be3c1
45.h4 Bc2xb3
46.Nc4b6 Bc1e3
47.Nb6d7 Bb3xa4
48.Nd7f6 Kg7
49.Kf3 Be3d4
50.Nf6e4 Ba4c6
51.Kf4 h6
52.g5 Bc6xe4
53.Kxe4 Bd4f2
54.Be7f6 Kh7
55.gxh6 Kxh6
56.Bf6g5 Kg7
57.Kf3 Bf2d4
58.Kg4 Bd4f6
59.Bg5f4 Bf6e7
60.Bf4e5 f6
61.Be5f4 f5
62.Kh3 Kf6
63.Bf4g5 Ke6
64.Bg5xe7 Kxe7
65.Kg3 Ke6
66.Kf4 Kf6
67.Kg3 Ke5
68.Kf3 Kf6
69.Kg3 Ke5
70.Kf3 f4
71.Kf2 Ke4
72.Ke2 f3
73.Kf2 Kf4
74.Kf1 Kg3
75.Kg1 Kxh4
76.Kf2 Kg4
77.Kf1 Kg3
78.Kg1 f2
79.Kf1 g5
{ resign }
0-1

[Event "1/2 Finale"]
[Site "www.chess-mail.com"]
[Date "2015.11.26"]
[Round "1"]
[White "Dorulristea"]
[Black "Maxiboi"]
[WhiteElo "2780"]
[BlackElo "2870"]
[Result "0-1"]
[Round "1"]
1.e4 e5
2.Ng1f3 Nb8c6
3.Bf1b5 g6
4.d4 exd4
5.c3 dxc3
6.Nb1xc3 a6
7.Bb5c4 d6
8.O-O Bf8g7
9.Bc1g5 Qd8d7
10.Nc3d5 h6
11.Bg5d2 Ng8e7
12.Bd2c3 Bg7xc3
13.bxc3 Qd7d8
14.Qd1d2 Kf8
15.Bc4b3 Ne7xd5
16.exd5 Nc6a5
17.Qd2d4 Kg8
18.Bb3a4 Bc8d7
19.Ba4xd7 Qd8xd7
20.Ra1e1 c5
21.Qd4f6 Na5c4
22.Re1e7 Qd7f5
23.Qf6xf5 gxf5
24.Re7xb7 Kg7
25.Rf1b1 Rh8e8
26.Kf1 Re8e4
27.g3 Kf6
28.Rb7d7 Ra8e8
29.Rd7a7 a5
30.Ra7d7 a4
31.Rd7a7 Re8e7
32.Ra7xe7 Re4xe7
33.Rb1b8 a3
34.h3 h5
35.Rb8a8 Re7b7
36.Ra8a4 Nc4e5
37.Nf3xe5 Kxe5
38.Ra4xa3 f4
39.Ra3a4 Rb7b1
40.Ke2 fxg3
41.fxg3 Rb1g1
42.g4 Rg1g3
43.gxh5 Rg3xh3
44.Ra4a8 Rh3xh5
45.Kd3 Rh5h4
46.a4 f5
47.a5 c4
48.Kc2 Rh4h2
 { time }
0-1

[Event "1/64 Finale"]
[Site "www.chess-mail.com"]
[Date "2015.11.26"]
[Round "1"]
[White "Coraza8091"]
[Black "Easychess"]
[WhiteElo "1660"]
[BlackElo "1410"]
[Result "1/2-1/2"]
[Round "1"]
1.e4 c5
2.Ng1f3 e6
3.d4 cxd4
4.e5 d5
5.Qd1xd4 Nb8c6
6.Qd4a4 Bc8d7
7.Bc1g5 Bf8e7
8.Bg5e3 Nc6xe5
9.Qa4f4 Ne5xf3
10.Qf4xf3 Ng8f6
11.Bf1d3 O-O
12.Qf3h3 g6
13.Be3h6 Rf8e8
14.O-O e5
15.Qh3g3 e4
16.Bd3e2 Be7f8
17.Bh6g5 h6
18.Bg5xf6 Qd8xf6
19.Nb1c3 Bd7c6
20.Be2b5 Bc6xb5
21.Nc3xb5 Qf6b6
22.a4 a6
23.Nb5c3 Ra8d8
{ draw }
1/2-1/2

[Event "1/64 Finale"]
[Site "www.chess-mail.com"]
[Date "2015.11.26"]
[Round "1"]
[White "Norlavuaram"]
[Black "Hennie4820"]
[WhiteElo "2290"]
[BlackElo "2010"]
[Result "0-1"]
[Round "1"]
1.e4 c5
2.Ng1f3 e6
3.d4 cxd4
4.Nf3xd4 Ng8f6
5.Bf1d3 Qd8b6
6.Nd4b3 Nb8c6
7.O-O Bf8e7
8.Nb1c3 a6
9.Bc1e3 Qb6c7
10.a3 d6
11.f4 O-O
12.g4 b5
13.g5 Nf6d7
14.f5 exf5
15.exf5 Nd7e5
16.f6 Be7d8
17.Nc3d5 Qc7d7
18.Qd1h5 Qd7g4
19.Qh5xg4 Bc8xg4
20.fxg7 Kxg7
21.Bd3e4 Ra8c8
22.h4 f5
23.Be4g2 Nc6e7
24.Nd5f6 Rc8xc2
25.Be3d4 Ne7g6
26.Nf6d7 Rf8f7
27.Nd7xe5 dxe5
28.Bd4c3 Bd8b6
29.Kh1 Kf8
30.h5 Ng6f4
31.Bg2c6 Bg4xh5
32.Ra1e1 Nf4e2
{ resign }
0-1

[Event "1/4 Finale"]
[Site "www.chess-mail.com"]
[Date "2015.11.26"]
[Round "1"]
[White "Hwj"]
[Black "Manolinex"]
[WhiteElo "2810"]
[BlackElo "2890"]
[Result "1/2-1/2"]
[Round "1"]
1.e4 c5
2.Ng1f3 d6
3.d4 cxd4
4.Nf3xd4 Ng8f6
5.Nb1c3 a6
6.Bc1e3 e5
7.Nd4f3 Bf8e7
8.Bf1c4 O-O
9.O-O Bc8e6
10.Bc4xe6 fxe6
11.Nc3a4 Nf6g4
12.Qd1d3 b5
13.Na4b6 Ng4xe3
14.Qd3xe3 Ra8a7
15.Nb6d5 Ra7b7
16.Qe3d2 Rf8e8
17.Nd5xe7 Qd8xe7
18.h3 Qe7c7
19.Rf1d1 Rb7b6
20.a4 Nb8d7
21.axb5 axb5
22.Nf3e1 Nd7f6
23.Qd2e3 b4
24.Ne1d3 Rb6b7
25.Ra1a6 h6
26.f3 d5
27.Kh2 Re8d8
28.Rd1d2 b3
29.c3 Nf6h5
30.Qe3f2 dxe4
31.fxe4 Qc7d7
32.Ra6a1 Qd7b5
33.Qf2f3 Nh5f6
34.Rd2d1 Rb7d7
35.Nd3f2 Rd7xd1
36.Ra1xd1 Rd8xd1
37.Qf3xd1 Qb5a4
38.Qd1e2 Qa4a7
39.Qe2d2 { draw }
1/2-1/2

[Event "1/32 Finale"]
[Site "www.chess-mail.com"]
[Date "2015.11.26"]
[Round "1"]
[White "Ffdd65"]
[Black "Szustan"]
[WhiteElo "2180"]
[BlackElo "2720"]
[Result "0-1"]
[Round "1"]
1.e4 e5
2.Ng1f3 Nb8c6
3.Bf1b5 a6
4.Bb5xc6 dxc6
5.O-O Bf8d6
6.b3 Ng8e7
7.Bc1b2 Ne7g6
8.d4 Bc8g4
9.Qd1d3 exd4
10.Bb2xd4 Bg4xf3
11.gxf3 Bd6xh2
12.Kxh2 Qd8h4
13.Kg1 Qh4g5
{ resign }
0-1

[Event "Eq:Clubul Central de Sah-Slap Shot Mates : "]
[Site "www.chess-mail.com"]
[Date "2015.11.26"]
[Round "1"]
[White "Sebolix"]
[Black "Rocadamare"]
[WhiteElo "2660"]
[BlackElo "2640"]
[Result "1-0"]
[Round "1"]
1.e4 e5
2.Ng1f3 Nb8c6
3.d4 exd4
4.Nf3xd4 Ng8f6
5.Nd4xc6 bxc6
6.e5 Qd8e7
7.Qd1e2 Nf6d5
8.c4 Bc8a6
9.Nb1d2 g6
10.Nd2f3 Qe7b4
11.Kd1 Bf8g7
12.Qe2d2 Qb4xd2
13.Kxd2 Nd5b6
14.b3 O-O
15.Bc1a3 Rf8e8
16.Ra1e1 Ba6b7
17.Kc2 a5
18.h4 a4
19.b4 Bb7a6
20.Nf3d2 Bg7xe5
21.Bf1d3 Be5g7
22.h5 d5
23.b5 Ba6b7
24.Re1xe8 Ra8xe8
25.cxd5 Nb6xd5
26.Rh1h4 Nd5b6
27.hxg6 hxg6
28.Ba3b2 Bg7xb2
29.Kxb2 a3
30.Kc2 cxb5
31.Bd3xb5  { time }
1-0

[Event "Eq:Los Tercios-chibcha : "]
[Site "www.chess-mail.com"]
[Date "2015.11.26"]
[Round "1"]
[White "Carazo"]
[Black "Lopez"]
[WhiteElo "1940"]
[BlackElo "2050"]
[Result "0-1"]
[Round "1"]
1.e4 e5
2.Ng1f3 Nb8c6
3.Bf1c4 Bf8c5
4.d3 Ng8f6
5.Nf3g5 O-O
6.O-O d6
7.a3 h6
8.Ng5f3 Bc8g4
9.Bc1e3 Bc5b6
10.h3 Bg4h5
11.Nb1c3 Nc6d4
12.Be3xd4 Bb6xd4
13.Nc3a4 a6
14.g4 Bh5g6
15.Bc4d5 Nf6xd5
16.exd5 Bd4a7
17.b4 e4
18.Nf3e1 Qd8f6
19.dxe4 b5
20.c4 bxa4
21.Ne1g2 Bg6xe4
22.Ng2e3 Qf6f3
23.Qd1xf3 Be4xf3
24.Ne3f5 Bf3e2
25.Rf1c1 Rf8e8
26.Nf5g3 Be2f3
27.Rc1c3 Ba7d4
28.Ra1c1 Bd4xc3
29.Rc1xc3 Bf3d1
30.c5 Ra8c8
31.c6 Bd1b3
32.Rc3d3 Re8e5
33.f4 Re5xd5
34.Rd3e3 Rd5d1
35.Kf2 Rd1a1
36.Ng3f5 Kf8
37.Nf5e7 Rc8e8
38.Ne7f5 Re8xe3
39.Nf5xe3 Ra1xa3
40.Ne3f5 Bb3d5
41.Nf5d4 Ra3xh3
42.f5 a3
43.Nd4c2 Rh3h2
{ resign }
0-1

[Event "Eq:Angolana Scacchi-Slap Shot Mates : "]
[Site "www.chess-mail.com"]
[Date "2015.11.26"]
[Round "1"]
[White "Pariolinius"]
[Black "Mustaphly"]
[WhiteElo "1940"]
[BlackElo "2740"]
[Result "0-1"]
[Round "1"]
1.e4 c5
2.Ng1f3 d6
3.d4 cxd4
4.Nf3xd4 Ng8f6
5.Nb1c3 a6
6.Bf1e2 e5
7.Nd4f3 h6
8.Bc1e3 Bc8e6
9.O-O Bf8e7
10.a3 O-O
11.h3 Nb8d7
12.Nc3d5 Nf6xe4
13.Nd5xe7 Qd8xe7
14.Be2d3 Ne4c5
15.Bd3e2 b5
16.b4 Nc5e4
17.Be2d3 Ne4c3
18.Qd1d2 Ra8c8
19.Nf3h2 f5
20.Rf1e1 Nd7f6
21.Nh2f1 e4
22.Bd3e2 Nf6d5
23.Be3d4 f4
24.Bd4xc3 Nd5xc3
25.Qd2d4 Qe7g5
26.Nf1h2 Nc3xe2
27.Re1xe2 f3
28.Nh2xf3 exf3
{ resign }
0-1

[Event "Tourn. n8451"]
[Site "www.chess-mail.com"]
[Date "2015.11.27"]
[Round "1"]
[White "Louis"]
[Black "Gatrooper"]
[WhiteElo "1820"]
[BlackElo "1620"]
[Result "0-1"]
[Round "1"]
1.e4 e5
2.Ng1f3 Nb8c6
3.Bf1e2 a6
4.O-O Ng8f6
5.Nb1c3 h6
6.d4 exd4
7.Nf3xd4 Nc6xd4
8.Qd1xd4 d6
9.Qd4d3 Bc8d7
10.Bc1f4 Bf8e7
11.Rf1d1 Bd7b5
12.Nc3xb5 axb5
13.Qd3xb5 c6
14.Qb5xb7 O-O
15.Qb7xc6 Ra8c8
16.Qc6a4 Rc8a8
17.Qa4d4 g5
18.Bf4xd6 Be7xd6
19.Qd4xd6 Qd8xd6
20.Rd1xd6 Nf6xe4
21.Rd6xh6 Kg7
22.Rh6c6 Ra8e8
23.Be2d3 Ne4f6
24.Kf1 Nf6g4
25.h3 Ng4e5
26.Rc6c5 Ne5xd3
27.cxd3 Re8e6
28.b4 f5
29.a4 Rf8e8
30.Ra1e1 Re6xe1
{ resign }
0-1

[Event "Tourn. n8430"]
[Site "www.chess-mail.com"]
[Date "2015.11.27"]
[Round "1"]
[White "Francesco"]
[Black "Osopanda"]
[WhiteElo "1950"]
[BlackElo "1850"]
[Result "0-1"]
[Round "1"]
1.e4 c5
2.c3 Nb8c6
3.d4 cxd4
4.cxd4 d5
5.e5 g6
6.Bc1g5 Bf8g7
7.Ng1f3 f6
8.Bg5h4 Bc8g4
9.Bf1e2 Ng8h6
10.h3 Bg4e6
11.O-O Nh6f5
12.Nb1c3 a6
13.Rf1e1 O-O
14.Qd1d3 g5
15.Bh4g3 Nf5xg3
16.fxg3 fxe5
17.Nf3xg5 Be6f5
18.Qd3f3 Nc6xd4
19.Qf3xd5 Qd8xd5
20.Nc3xd5 e6
21.Nd5e3 Nd4xe2
22.Re1xe2 h6
23.Ng5f3 Bf5d3
24.Re2d2 e4
25.Nf3e1 Bg7d4
26.Ne1c2 Bd4xb2
27.Ra1b1 Bb2c3
28.Rd2f2 Rf8xf2
29.Kxf2 Ra8f8
30.Kg1 Bc3d4
31.Rb1c1 Bd3xc2
32.Rc1xc2 Bd4xe3
{ resign }
0-1

[Event "Tourn. n8438"]
[Site "www.chess-mail.com"]
[Date "2015.11.27"]
[Round "1"]
[White "Lino"]
[Black "Castletyme"]
[WhiteElo "2069"]
[BlackElo "1880"]
[Result "1-0"]
[Round "1"]
1.e4 e6
2.d4 d5
3.Nb1c3 dxe4
4.Nc3xe4 Ng8f6
5.Ne4xf6 Qd8xf6
6.Ng1f3 Qf6d8
7.Bf1d3 Bf8e7
8.Qd1e2 O-O
9.Qe2e4 g6
10.h4 Qd8d5
11.Qe4f4 c6
12.h5 Qd5xh5
13.Rh1xh5 { resign }
1-0

[Event "Tourn. n8404"]
[Site "www.chess-mail.com"]
[Date "2015.11.27"]
[Round "1"]
[White "Xkafi"]
[Black "Terrible"]
[WhiteElo "2060"]
[BlackElo "2270"]
[Result "0-1"]
[Round "1"]
1.e4 e5
2.Bf1c4 Ng8f6
3.Nb1c3 Nb8c6
4.Nc3d5 Nf6xe4
5.d3 Ne4f6
6.Bc1g5 Bf8e7
7.c3 Nf6xd5
8.Bg5xe7 Nd5xe7
9.Qd1f3 d5
10.Bc4b3 O-O
11.Ng1h3 e4
12.dxe4 dxe4
13.Qf3xe4 Bc8xh3
14.gxh3 Qd8d6
15.Bb3c2 Qd6e5
16.O-O-O Qe5xe4
17.Bc2xe4 Ra8d8
18.Rd1xd8 Rf8xd8
19.Rh1e1 g6
20.b4 Kf8
21.h4 f5
22.Be4c2 Ne7d5
23.Kb2 Nd5b6
24.Re1e2 Nb6c4
25.Kb3 b5
26.Re2e6 Rd8d6
27.Re6e2 Kf7
28.a4 a6
29.axb5 axb5
30.h5 Rd6d2
31.Re2xd2 Nc4xd2
32.Kb2 Nc6e5
33.Kc1 Nd2e4
34.f4 Ne5c4
35.Bc2b3 Ne4xc3
36.Kc2 Nc3e4
37.Kd3 Ne4d6
38.Kd4 Ke6
39.Kc5 Kd7
40.Bb3d1 c6
41.hxg6 hxg6
42.Bd1f3 Nd6e4
43.Kd4 Kd6
44.h4 Ne4f6
45.Bf3e2 Nf6d5
46.Be2xc4 bxc4
{ resign }
0-1

[Event "Tourn. n8394"]
[Site "www.chess-mail.com"]
[Date "2015.11.27"]
[Round "1"]
[White "Coraza"]
[Black "Falcoale"]
[WhiteElo "1710"]
[BlackElo "1910"]
[Result "0-1"]
[Round "1"]
1.Ng1f3 c5
2.e4 e6
3.d4 cxd4
4.Qd1xd4 Nb8c6
5.Qd4d1 Ng8f6
6.Bf1b5 Qd8a5
7.Nb1c3 Bf8b4
8.Bb5xc6 Bb4xc3
9.bxc3 Qa5xc3
10.Bc1d2 Qc3xc6
11.O-O O-O
12.Bd2b4 Rf8e8
13.Nf3d4 Qc6xe4
14.c3 Nf6d5
15.Rf1e1 Qe4g6
16.a4 Nd5xb4
17.Re1e2 Nb4d5
18.Ra1c1 b6
19.g3 Bc8b7
20.c4 Nd5f6
21.c5 e5
22.Nd4b5 Qg6h6
23.Nb5d6 Re8b8
24.Re2xe5 Qh6h3
25.Nd6xb7 Nf6g4
26.Qd1f3 Ng4xe5
27.Qf3e4 Rb8e8
28.Qe4d5 Ne5g4
29.Nb7d6 Qh3xh2
{ resign }
0-1

[Event "Tourn. n8500"]
[Site "www.chess-mail.com"]
[Date "2015.11.27"]
[Round "1"]
[White "Caspito"]
[Black "Piekki"]
[WhiteElo "1770"]
[BlackElo "1770"]
[Result "0-1"]
[Round "1"]
1.e4 e5
2.Ng1f3 Nb8c6
3.Bf1c4 Bf8c5
4.c3 Ng8f6
5.Bc4xf7 Kxf7
6.Nf3g5 Kg8
7.Qd1b3 d5
8.d4 exd4
9.exd5 Qd8xd5
10.Qb3xd5 Nf6xd5
11.cxd4 Nc6xd4
12.O-O Nd4c2
13.Rf1d1 c6
14.Nb1c3 Nc2xa1
15.Nc3xd5 Bc8g4
{ resign }
0-1

[Event "Tourn. n8414"]
[Site "www.chess-mail.com"]
[Date "2015.11.27"]
[Round "1"]
[White "Falcoale"]
[Black "Fabos12"]
[WhiteElo "1910"]
[BlackElo "1670"]
[Result "1-0"]
[Round "1"]
1.e4 e5
2.Ng1f3 Nb8c6
3.Bf1c4 Ng8f6
4.Nb1c3 h6
5.O-O d6
6.Rf1e1 Bc8g4
7.h3 Bg4h5
8.Bc4e2 Bh5xf3
9.Be2xf3 Nc6d4
10.Bf3e2 Qd8d7
11.d3 d5
12.exd5 Nf6xd5
13.Be2f3 c6
14.Re1xe5 Bf8e7
15.Bf3xd5 cxd5
16.Re5xd5 Be7d6
17.Bc1f4 Nd4f5
18.Bf4xd6 Nf5xd6
19.Qd1e2 Kd8
20.Nc3b5 Nd6xb5
21.Rd5xd7  { time }
1-0